000 00546nam a22001695i 4500
001 166044
003 ES-MaACL
005 20250724063435.0
008 981002s1895 fr |||| | fre d
040 _aGA
_bspa
_cCCPB | 3D
100 1 _aTarde, Gabriel de,
_d1843-1904
_9133127
245 1 3 _aLa logique sociale /
_cpar G. Tarde.
260 _aParis :
_bFélix Alcan,
_c1895 (
_eTours :
_fimp. E. Arrault et Cie.)
300 _aXIV, 464 p. ;
_c22 cm.
852 _aES-MaACL
_jB-5596
_z-- Enc. pasta española
999 _c166044
_d166044